000 00576nam a2200229Ia 4500
003 OSt
005 20220912152525.0
006 a|||||r|||| 00| 0
007 ta
008 220909b |||||||| |||| 00| 0 eng d
024 _a43732
037 _cTextual
040 _aCSL
_beng
_cCSL
041 _aeng
082 _aG910af, K7.1;1
100 _aBlakebrough N Ed.
245 0 _aBiochemical and biological engineering science
260 _c1967
300 _ap.
_ccm.
942 _hG910af, K7.1;1
_cTEXL
_2CC
999 _c87747
_d87747